Vista normal
Vista MARC
Entrada Topical Term
Número de registros utilizados en: 1
001 - CONTROL NUMBER
- control field: 43131
003 - CONTROL NUMBER IDENTIFIER
- control field: OSt
005 - DATE AND TIME OF LATEST TRANSACTION
- control field: 20241016144957.0
008 - FIXED-LENGTH DATA ELEMENTS
- fixed length control field: 241016|| aca||aabn | a|a d
040 ## - CATALOGING SOURCE
- Original cataloging agency: OSt
- Transcribing agency: OSt
150 ## - HEADING--TOPICAL TERM
- Topical term or geographic name entry element: Identidad cultural
- General subdivision: Investigaciones
- Geographic subdivision: Bogotá (Colombia)
670 ## - SOURCE DATA FOUND
- Source citation: Work cat.: (OSt)38467: Bogotá (Colombia). Alcaldía Mayor. Secretaría de Cultura, Recreación y Deporte. 43127, Estado del arte sobre las prácticas culturales de la población LGBT en Bogotá, D.C. /